000 00303nam a2200121Ia 4500
008 190216s9999||||xx |||||||||||||| ||und||
100 _aWiggles Worth V B
245 0 _aPrinciples Of Insect Physiology
260 _bEnglish Language Book Society
_c1965
300 _a741p
650 _aBotany
942 _cBK
999 _c1180
_d1180